|
|
|
|
| LEADER |
00000nam a22000005a 4500 |
| 001 |
vtls008828812 |
| 003 |
SK-MaSNL |
| 005 |
20260301205619.0 |
| 008 |
230421s1805 xo r 000 0 ger |
| 035 |
|
|
|a urn:nbn:sk:snk-am00iee6
|
| 035 |
|
|
|a 07476C10-FC24-4DC4-9CCC-283B1B919A5B
|
| 040 |
|
|
|a SNKHFA
|b slo
|c SNKHFA
|e AACR2
|
| 041 |
0 |
|
|a ger
|
| 044 |
|
|
|a xo
|c SK
|
| 072 |
|
7 |
|a 638
|x Včelárstvo
|2 konspekt
|
| 080 |
|
|
|a 638.1
|2 2011
|
| 100 |
1 |
|
|a Rufini, Samuel
|d 1770-1816
|4 aut
|
| 245 |
1 |
0 |
|a Kurze Anleitung zur Verbesserung der gewoehnlichen Bienenzucht: Mit besonderer Hibsicht auf Zipsen, und die kälteren Gegenden Ungarns
|c von Samuel Ruffiny, Evangelischen Prediger zu Stóß in Zipsen.
|
| 260 |
|
|
|a Kaschau
|b verlegt bey Franz Landerer, Edlen von Füskut, k. priv. Buchdrucker und Buchhändler
|c 1805
|
| 300 |
|
|
|a 34 s.
|c 19 cm
|
| 546 |
|
|
|a Nemčina
|b Fraktúra
|
| 650 |
0 |
7 |
|a včelárstvo
|2 SNKPH
|9 3997
|
| 700 |
1 |
|
|a Landerer, František,
|d činný 18.-19. storočie
|4 prt
|9 163575
|
| 752 |
|
|
|a Slovensko
|d Košice
|
| 852 |
|
|
|a Slovenská národná knižnica
|b Historické fondy
|
| 852 |
|
|
|a snk
|p SD 75753
|
| 958 |
|
|
|a ONDV
|
| 958 |
|
|
|a DF
|
| 999 |
|
|
|c 910798
|d 912728
|
| 952 |
|
|
|a SNK
|b SNK
|y PREZ
|7 0
|p 17A0516114
|o snkSD 75753
|i snk2006/13437
|8 3
|g 16.60
|0 0
|1 0
|4 0
|d 2006-07-06
|f 1
|l 0
|r 2025-11-24 00:00:00
|w 2026-02-24
|